| 000 | 00681nam a2200181Ia 4500 | ||
|---|---|---|---|
| 008 | 090124s9999 xx 000 0 und d | ||
| 082 | _b28153 | ||
| 100 | _aगद्रे डॉ. मुकुंद महादेव | ||
| 245 | _a सखारामबापू बोकील | ||
| 250 | _a1 | ||
| 260 |
_bज्ञानेश प्रकाशन _c1989 |
||
| 300 | _a152 | ||
| 600 | _aगद्रे डॉ. मुकुंद महादेव | ||
| 630 | _a सखारामबापू बोकील | ||
| 700 | _aगद्रे डॉ. मुकुंद महादेव | ||
| 730 | _a सखारामबापू बोकील | ||
| 942 | _cBOOK | ||
| 999 |
_c94641 _d94641 |
||